00630nam a22001577a 4500020001800000082001600018100002600034245006300060260004600123300000800169650001800177942000700195952013700202952011600339999001700455 a9780140267310 a909.829 HUN aHuntington, Samual P. aThe Clash of Civilizations and the Remaking of World Order aHaryanabPenguin Random House Indiac1996 a367 aCivilizations cBK 001040708NFICaHMIbHMIcGENd2020-09-15eDasgupta Publishers, Kolkatag399.00l0o909.829 HUNp25793r2020-09-24w2020-09-24yBK 00104070aHMIbHMIcGENd2023-09-08eNetherlandsg399.00l0o909.829 HUNp11-4746r2026-01-16w2026-01-16yBK c23104d23104